000 00327nam a22001217a 4500
008 260424b |||||||| |||| 00| 0 eng d
082 _a001286
100 _aMande, Kanchan
245 _aWorld Index to the Upanishat Sankarabhashpa Vol 1
260 _aDelhi
_bNew Bharatiya Book Corporation
_c2017
300 _a480p
942 _2ddc
999 _c1314
_d1314